<?xml version="1.0" encoding="UTF-8"?>
<record
    xmlns:xsi="http://www.w3.org/2001/XMLSchema-instance"
    xsi:schemaLocation="http://www.loc.gov/MARC21/slim http://www.loc.gov/standards/marcxml/schema/MARC21slim.xsd"
    xmlns="http://www.loc.gov/MARC21/slim">

  <leader>01229nam a2200301 a 4500</leader>
  <datafield tag="999" ind1=" " ind2=" ">
    <subfield code="c">20678</subfield>
    <subfield code="d">20678</subfield>
  </datafield>
  <controlfield tag="005">20191230122542.0</controlfield>
  <controlfield tag="008">081025s1995    ck b   gr     00010 spa d</controlfield>
  <datafield tag="015" ind1=" " ind2=" ">
    <subfield code="a">ck-1995-xxxx</subfield>
  </datafield>
  <datafield tag="040" ind1=" " ind2=" ">
    <subfield code="a">CO-BoBLA </subfield>
    <subfield code="c">CO-BoBLA</subfield>
  </datafield>
  <datafield tag="041" ind1=" " ind2=" ">
    <subfield code="a">spa</subfield>
  </datafield>
  <datafield tag="044" ind1=" " ind2=" ">
    <subfield code="a">ck</subfield>
  </datafield>
  <datafield tag="082" ind1="0" ind2="4">
    <subfield code="a">333.53 </subfield>
    <subfield code="b">M18c</subfield>
  </datafield>
  <datafield tag="100" ind1=" " ind2=" ">
    <subfield code="a">Machado Cartagena, Absal&#xF3;n</subfield>
    <subfield code="e">Coordinador</subfield>
    <subfield code="9">102210</subfield>
  </datafield>
  <datafield tag="245" ind1="0" ind2="0">
    <subfield code="a">Censo de minifundio en Colombia </subfield>
    <subfield code="c">Absal&#xF3;n Machado Cartagena, Maritza Rodr&#xED;guez R, Hernando Brice&#xF1;o M y otros.</subfield>
  </datafield>
  <datafield tag="260" ind1="3" ind2=" ">
    <subfield code="a">Santaf&#xE9; de Bogot&#xE1; : </subfield>
    <subfield code="b">Ministerio de Agricultura y Desarrollo Rural : </subfield>
    <subfield code="b">Instituto Interamericano de Cooperaci&#xF3;n para la Agricultura IICA, </subfield>
    <subfield code="c">1995.</subfield>
  </datafield>
  <datafield tag="300" ind1=" " ind2=" ">
    <subfield code="a">163 p&#xE1;ginas </subfield>
    <subfield code="b">mapas, tablas y gr&#xE1;ficas</subfield>
    <subfield code="c">27.8 x 21.5 cm.</subfield>
  </datafield>
  <datafield tag="504" ind1=" " ind2=" ">
    <subfield code="a">Incluye bibliograf&#xED;a. (p&#xE1;gina 121)</subfield>
  </datafield>
  <datafield tag="650" ind1=" " ind2="6">
    <subfield code="a">Minifundios</subfield>
    <subfield code="z"> Colombia</subfield>
    <subfield code="x"> Censos.</subfield>
    <subfield code="9">102211</subfield>
  </datafield>
  <datafield tag="650" ind1=" " ind2=" ">
    <subfield code="a">Tenencia de la tierra</subfield>
    <subfield code="z"> Colombia</subfield>
    <subfield code="x"> Censos.</subfield>
    <subfield code="9">102212</subfield>
  </datafield>
  <datafield tag="650" ind1=" " ind2=" ">
    <subfield code="a">Uso de la tierra</subfield>
    <subfield code="z"> Colombia</subfield>
    <subfield code="x"> Censos.</subfield>
    <subfield code="9">102213</subfield>
  </datafield>
  <datafield tag="650" ind1=" " ind2="0">
    <subfield code="a">CORPES</subfield>
    <subfield code="z">Regiones de Colombia</subfield>
    <subfield code="9">102214</subfield>
  </datafield>
  <datafield tag="700" ind1="1" ind2=" ">
    <subfield code="a">Rodr&#xED;guez R Maritza</subfield>
    <subfield code="9">102215</subfield>
  </datafield>
  <datafield tag="700" ind1="1" ind2=" ">
    <subfield code="a">Mart&#xED;nez A Germ&#xE1;n</subfield>
    <subfield code="9">102216</subfield>
  </datafield>
  <datafield tag="700" ind1="1" ind2=" ">
    <subfield code="a">Brice&#xF1;o M Hernando</subfield>
    <subfield code="9">102217</subfield>
  </datafield>
  <datafield tag="700" ind1="1" ind2=" ">
    <subfield code="a">Toro N Alberto</subfield>
    <subfield code="9">102218</subfield>
  </datafield>
  <datafield tag="942" ind1=" " ind2=" ">
    <subfield code="2">ddc</subfield>
    <subfield code="c">LIBRO</subfield>
  </datafield>
  <datafield tag="949" ind1=" " ind2=" ">
    <subfield code="a">c              </subfield>
    <subfield code="b">n</subfield>
  </datafield>
  <datafield tag="952" ind1=" " ind2=" ">
    <subfield code="0">0</subfield>
    <subfield code="1">0</subfield>
    <subfield code="2">ddc</subfield>
    <subfield code="4">0</subfield>
    <subfield code="7">0</subfield>
    <subfield code="8">GENERAL</subfield>
    <subfield code="a">Bogota</subfield>
    <subfield code="b">Bogota</subfield>
    <subfield code="d">2019-12-30</subfield>
    <subfield code="l">0</subfield>
    <subfield code="o">LB-333.53  M18c</subfield>
    <subfield code="p">043961</subfield>
    <subfield code="r">2019-12-30 00:00:00</subfield>
    <subfield code="t">Ej. 1</subfield>
    <subfield code="w">2019-12-30</subfield>
    <subfield code="x">Donacion</subfield>
    <subfield code="y">LIBRO</subfield>
  </datafield>
</record>
